000 00604nam a2200193 a 4500
005 20140310183533.0
008 110822s19uu xx 00 eng d
020 _a9780821380574
050 _aHG 3270.3
_b.So712 2010
100 _aSophastienphong, Kiatchai
245 _aGetting finance in south asia 2010 /
_cKiatchai Sophastienphong; Anoma Kulathunga.
260 _aWashington DC :
_bThe World Bank,
_c2010.
300 _a329 p. :
_bgraphs. col. ;
_c26 cm.
521 _aBSBA
650 _aEconomic development
_xFinance
700 _aKulathunga, Anoma
942 _cBK
_2lcc
_kFOR
999 _c24652
_d24652